Sports Quiz

Random Sports or WWE Quiz

Who Eliminated Me? Quiz Stats

Quiz Updated Aug 17, 2016

Challenge
Share
Tweet
Embed
Score 0/170 Timer 10:00
2 Plays Today
% Correct
John Cena & Batista
95.7%
Kane & The Big Show
94.9%
Triple H & Batista
94%
John Cena
92.4%
John Cena
92.4%
John Cena
92.4%
John Cena
92.4%
John Cena
92.4%
Triple H
91.9%
Triple H
91.9%
Triple H
91.9%
Triple H
91.9%
Triple H
91.9%
Triple H
91.9%
Randy Orton, Cody Rhodes & Ted DiBiase
91.4%
The Undertaker
90.9%
The Undertaker
90.9%
The Undertaker
90.9%
The Undertaker
90.9%
The Undertaker
90.9%
The Undertaker
90.9%
The Undertaker
90.9%
Himself
90.7%
The Big Bossman, Test, The British Bulldog, Gangrel, Edge & Bob Backlund
90.4%
Kane
90.4%
Kane
90.4%
Kane
90.4%
Kane
90.4%
Kane
90.4%
Isaac Yankem
90.4%
Kane
90.4%
Kane
90.1%
The Undertaker
89.5%
Edge
89.3%
Edge
89.3%
Edge
89.3%
The Big Show
89.2%
The Big Show
89.2%
The Big Show
89.2%
The Big Show
89.2%
The Big Show
89.2%
The Big Show
89.2%
The Big Show
89.2%
The Big Show
89.2%
The Big Show
89.2%
Randy Orton
89.1%
Randy Orton
89.1%
Randy Orton
88.9%
Randy Orton
88.9%
Randy Orton
88.9%
Randy Orton
88.9%
Randy Orton
88.9%
CM Punk
85.4%
CM Punk
85.4%
Chris Jericho
84.3%
Chris Jericho
84.3%
Chris Jericho
84.3%
% Correct
Chris Jericho
84.3%
Chris Jericho
84.3%
Chris Jericho
84.2%
The Miz
83.2%
Dolph Ziggler
80.6%
Dolph Ziggler
80.6%
Dolph Ziggler
80.6%
The Rock
78.1%
The Rock
78.1%
The Rock
78.1%
The Rock
78.1%
Shawn Michaels
77.5%
Shawn Michaels
77.5%
Shawn Michaels
77.5%
Shawn Michaels
77.5%
Shawn Michaels
77.5%
Shawn Michaels
77.5%
Shawn Michaels
77.5%
Shawn Michaels
77.5%
Steve Austin
77.1%
Steve Austin
77.1%
Steve Austin
77.1%
Steve Austin
77.1%
Steve Austin
77.1%
Steve Austin
77.1%
Booker T
76.3%
Booker T
76.3%
Booker T
76.3%
Roman Reigns
76.2%
Roman Reigns
76.2%
Christian & Chuck Palumbo
75.7%
Batista
75.4%
Batista
75.4%
Batista
75.4%
Batista
75.4%
Rob Van Dam
74.6%
Rikishi
73.3%
Rikishi
73.3%
Roman Reigns
72.4%
Roman Reigns
72.4%
Roman Reigns
72.4%
Roman Reigns
72.4%
Roman Reigns
72.4%
Roman Reigns
72.4%
Roman Reigns
72.4%
Roman Reigns
72.3%
Goldust
67.8%
Brock Lesnar
66.6%
Cody Rhodes
66.3%
Cody Rhodes
66.3%
Cody Rhodes
66.2%
Shelton Benjamin & Charlie Haas
64.5%
Hulk Hogan
64.1%
Brock Lesnar
62.8%
Brock Lesnar
62.8%
Rey Mysterio
61.6%
Rey Mysterio
61.6%
% Correct
Rey Mysterio
61.6%
Rey Mysterio
61.6%
Dean Ambrose
58.5%
Chris Benoit
55.3%
Chris Benoit
55.3%
Chris Benoit
55.3%
Bret Hart
55%
Bret Hart
54.9%
Mick Foley
53.6%
Dude Love
53.6%
Kurt Angle
53.1%
Sheamus
52.6%
Sheamus
52.6%
Sheamus
52.6%
Ric Flair
51.2%
Owen Hart
49.9%
Braun Strowman
49.1%
Alberto del Rio
47.2%
Daniel Bryan
44.1%
Diesel
43.6%
Diesel
43.6%
Eddie Guerrero
43.2%
Chavo Guerrero
40.8%
Test
39.9%
The Great Khali
39.9%
The Great Khali
39.9%
The Great Khali
39.9%
The British Bulldog
37.6%
X-Pac
36.9%
Maven
36.8%
Braun Strowman
35.8%
Braun Strowman
35.8%
Road Dogg & Billy Gunn
35.4%
Ryback
34.7%
Ryback
34.7%
Bubba Ray Dudley
33.9%
Cesaro
33%
Billy Gunn
32.5%
Rusev
31.8%
Chyna
31.7%
Road Dogg
31.1%
Charlie Haas
30.6%
Luke Harper
27.5%
R-Truth
27.4%
Bob Backlund
25.9%
MVP
20.6%
Val Venis & Al Snow
19.3%
Giant Gonzalez
19%
Hawk & Animal
17.9%
Mason Ryan
13.4%
Ezekiel Jackson
12%
Titus O'Neil
12%
Hornswoggle
11.9%
Crush
9.4%
The Brian Kendrick
7.2%
Chainz
4.4%

You're not logged in!

Compare scores with friends on all Sporcle quizzes.
Sign Up with Email
OR
Log In

You Might Also Like...

Show Comments

Extras

Top Quizzes Today


Score Distribution

Your Account Isn't Verified!

In order to create a playlist on Sporcle, you need to verify the email address you used during registration. Go to your Sporcle Settings to finish the process.